Životná úroveň - životné prostredie v medzinárodnom pohľade.

Etapy vývoja ekologickej politiky vo svete. Zahrnutie činiteľov životného prostredia do pojmu blahobytu. Realizácia ekologickej politiky pod egidou OSN a Programu OSN pre životné prostredie - UNEP (United Nations Environment Programs). Ochrana poľnohospodárskej výroby, vôd, lesnej pôdy a ovzdušia. Ú...

Descrizione completa

Salvato in:
Dettagli Bibliografici
Autore principale: Letková, Tatiana
Natura: Capitolo di libro
Lingua:slovacco
Soggetti:
Tags: Aggiungi Tag
Nessun Tag, puoi essere il primo ad aggiungerne!!

MARC

LEADER 00000naa a2200000 4500
001 r005065
005 20221125080736.3
041 0 |a slo 
044 |a [CS] 
245 1 0 |a Životná úroveň - životné prostredie v medzinárodnom pohľade.  |c Tatiana Letková 
520 |a Etapy vývoja ekologickej politiky vo svete. Zahrnutie činiteľov životného prostredia do pojmu blahobytu. Realizácia ekologickej politiky pod egidou OSN a Programu OSN pre životné prostredie - UNEP (United Nations Environment Programs). Ochrana poľnohospodárskej výroby, vôd, lesnej pôdy a ovzdušia. Úlohy vlád, odvetvových a miestnych orgánov v ochrane životného prostredia. Hlavné nástroje a opatrenia politiky životného prostredia. 
610 2 0 |a prostredie životné 
610 2 0 |a ekológia 
610 2 0 |a ochrana prostredia životného 
610 2 0 |a ochrana pôdy 
610 2 0 |a ochrana výroby 
610 2 0 |a UNEP 
100 1 |a Letková, Tatiana